| 000 | 00772nam a2200229Ii 4500 | ||
|---|---|---|---|
| 003 | JO-AjNU | ||
| 008 | 230605s9999||||xx |||||||||||||| ||und|| | ||
| 017 | _a200/72259 | ||
| 020 | _a9957-07-1506 | ||
| 040 |
_aJO-AjNU _bara _erda _cJO-AjNU |
||
| 041 | _aara | ||
| 050 | 1 | 4 | _aLC4019.R6734 2001 |
| 100 | 3 |
_aالروسان،فاروق, _eauthor _923186 |
|
| 245 | 0 | 0 | _aدراسات وأبحاث في التربية الخاصة |
| 250 | _aط2 | ||
| 264 | 3 | 1 | _aعمان:ار الفكر للطباعة والنشر والتوزيع،2001 |
| 300 | _a734ص | ||
| 336 |
_atext _btxt _2rdacontent |
||
| 337 |
_aunmediated _bn _2rdamedia |
||
| 338 |
_avolume _bnc _2rdacarrier |
||
| 650 | 4 |
_aالتربية والتعليم-التربية الخاصة-الدراسات _923187 |
|
| 999 |
_aA8349 _c11917 _d11917 |
||